1034 1541 1065 1799 1395 1639 1606 1611 1039 1464 1919 1967 1360 1290 1838 1311 1037 1738 1307 1926 1627 1527 1668 1015 1455 1593 1970 1950 1652 1810 1287 1362 1973 1426 1636 1983 1917 1494 1647 1293 1989 1475 1445 1288 1665 1587 1218 1275 1047 1471 1052 1946 1962 1555 1950 1710 1734 1897 1609 1276 1283 1225 1812 1692 1202 1542 1616 1225 1927 1186 1627 1815 1081 1540 1897 1965 1680 1680 1692 1349 1535 1149 1379 1729 1153 1181 1812 1142 1708 1584 1499 1783 1740 1670 1836 1325 1911 1522 1849 BCNSPRNW ULIB Ver.6.0+V

เปลี่ยนเป็นภาษาไทย

Change to English
 แสดงรายละเอียดบรรณานุกรม
  กลับหน้าหลัก

Brief Record : Get Marc (ISO 2709) : E-mail record : QR code < ปิดหน้าต่าง
LEADER : 00000nam 2200000uu 4500
001    13399113050
003     ULIB
008    110922s2548||||th 000 0 tha d
020    9749023102
050  4 PE1128^bว615 2546
100 0  Thornbury, Scott
245 10 วิธีสอนศัพท์ =^bHow to teach vocabulary /^cThornbury, Scott
246 31 How to teach vocabulary
250    พิมพ์ครั้งที่ 1
260    กรุงเทพฯ :^bPearson Education incochina,^c2548
300    237 หน้า
650  7 ภาษาอังกฤษ^xการศึกษาและการสอน
650  7 ภาษาอังกฤษ^xคำศัพท์
945    ^p430^l0^i021436
945    ^p430^l0^i021437
995    ทศพร
999 ^a ทศพร
รายการนี้ยังไม่มีแท็ก
คุณยังไม่ได้ล็อกอิน คุณสามารถมีกิจกรรมร่วมกับเว็บไซต์ได้ แต่ต้องล็อกอินก่อน ::
  ล็อกอิน

รายการสื่อสารสนเทศ

ลำดับที่ ประเภท เลขเรียก/บาร์โค้ด สถานที่ สถานะ
- ไม่พบข้อมูล -

รายการใกล้เคียง
    ผู้แต่ง [Thornbury, Scott]

    หัวเรื่อง [ภาษาอังกฤษ การศึกษาและการสอน]
    หัวเรื่อง [ภาษาอังกฤษ คำศัพท์]

BibComment


ยังไม่เคยถูกคอมเมนท์

คอมเมนท์ทรัพยากรรายการนี้
  คอมเมนท์: วิธีสอนศัพท์ How..


 Copyright 2026. Bcnsprnw @Library